| 000 | 01168nam a2200325 a 4500 | ||
|---|---|---|---|
| 001 | 000046658 | ||
| 003 | DO-SdBNP | ||
| 005 | 20250714101312.0 | ||
| 007 | ta | ||
| 008 | 090717s2014 dr a 000 0 spa d | ||
| 020 | _z9789945468168 | ||
| 040 |
_aDO-SdBNP _bspa _cBNPHU |
||
| 082 | 4 |
_a923.27293 _bS211C, 2014 _222 |
|
| 100 | 1 |
_aCassá, Roberto, _d1948- _e1948- _910888 |
|
| 245 | 1 | 0 |
_aJuan Sánchez Ramírez : _bcaudillo de la reconquista / _cRoberto Cassá ; ilustración José Mercader. |
| 250 | _a2a ed. | ||
| 260 |
_aSanto Domingo : _bTobogán, _c2014 _fAlfa y Omega |
||
| 300 |
_a48 p. : _bil. ; _c21 cm. |
||
| 490 | 1 | _aBiografías dominicanas Tobogán ; | |
| 500 | _aIncluye datos biografícos del autor e ilustrador | ||
| 504 | _aBibliografía : p.45 | ||
| 590 | _aInventariado, 2018/ YL | ||
| 600 | 1 | 4 |
_aSánchez Ramírez, Juan, _y1762-1811 _912237 |
| 650 | 4 |
_aRevolucionarios _zRepública Dominicana _xBiografías _912091 |
|
| 651 | 4 |
_aRepública Dominicana _xBiografías _91325 |
|
| 651 | 0 |
_aRepública Dominicana _xHistoria _912238 |
|
| 700 | 2 |
_aMercader, José, _eil. _956560 |
|
| 830 | 0 |
_aBiografías dominicanas Tobogán _9769 |
|
| 942 |
_2ddc _cLF2 |
||
| 999 |
_c46147 _d46147 |
||